000 01045nam a2200217Ia 4500
999 _c36841
_d36841
001 2788
003 GE_BSU
005 20190507145427.0
008 181216s1997||||ge |||||||||||||| ||geo||
040 _cGE_BSU
041 _ageo
080 _a657.3(075.8) ძ–34
100 _aძაძამია, რევაზ
_9885
245 _aბუღალტრული აღრიცხვის და ანგარიშგების სამეწარმეო-სამართლებრივი საფუძვლები : სახელმძღვანელო /
_cრევაზ ძაძამია; რედ : ლავრენტი ჭუმბურიძე
264 _aთბილისი .:
_bთერგი,
_c1997.
300 _a180 გვ ;
_c20სმ.
653 _aბუღალტრული აღრიცხვა
653 _aბუღალტერია
700 _aჭუმბურიძე, ლავრენტი
_eრედაქტორი
_9136
942 _cBK
_2udc